[Event "Hong Kong Jolimark op"]
[Site "Hong Kong"]
[Date "2016.12.28"]
[Round "5"]
[White "Pu, Henry"]
[Black "Wang, Jiaqi"]
[Result "0-1"]
[WhiteElo "1606"]
[BlackElo "2034"]
[PlyCount "100"]
[EventDate "2016.12.26"]
[EventType "swiss"]
[EventRounds "9"]
[EventCountry "HKG"]
[SourceTitle "CBM 176 Extra"]
[Source "ChessBase"]
[SourceDate "2017.03.02"]
[SourceVersion "1"]
[SourceVersionDate "2017.03.02"]
[SourceQuality "1"]

1. d4 Nf6 2. c4 e6 3. Nf3 b6 4. Bg5 Bb7 5. e3 Be7 6. Nc3 0-0 7. Be2 d6 8. 0-0 Nbd7 9. Nd2 c5 10. Bf3 Bxf3 11. Nxf3 Rc8 12. Qe2 cxd4 13. exd4 d5 14. cxd5 Nxd5 15. Nxd5 Bxg5 16. Nxg5 Qxg5 17. Nc3 Nf6 18. Ne4 Nxe4 19. Qxe4 Qd2 20. b3 Rc2 21. a3 Qc3 22. Rab1 Rd8 23. Qb7 Qc7 24. Qe4 g6 25. h3 Rd5 26. Rbd1 Rc3 27. Rd3 a5 28. Rfd1 Rxd3 29. Rxd3 Qc1+ 30. Kh2 Qxa3 31. Qf4 Kg7 32. g4 Qe7 33. Rc3 Qd6 34. Qxd6 Rxd6 35. Rd3 e5 36. d5 f5 37. Kg3 Kf6 38. f4 exf4+ 39. Kxf4 g5+ 40. Ke3 fxg4 41. Kd4 gxh3 42. Rxh3 Rd7 43. Rh6+ Kf5 44. Rxb6 g4 45. Rc6 g3 46. Rc2 h5 47. Rd2 h4 48. Ke3 h3 49. Kf3 g2 50. Rd1 Rg7 0-1

[Event "Hong Kong Jolimark op"]
[Site "Hong Kong"]
[Date "2016.12.27"]
[Round "3"]
[White "Dimakiling, Oliver"]
[Black "Wang, Jiaqi"]
[Result "1-0"]
[WhiteElo "2404"]
[BlackElo "2034"]
[PlyCount "53"]
[EventDate "2016.12.26"]
[EventType "swiss"]
[EventRounds "9"]
[EventCountry "HKG"]
[SourceTitle "CBM 176 Extra"]
[Source "ChessBase"]
[SourceDate "2017.03.02"]
[SourceVersion "1"]
[SourceVersionDate "2017.03.02"]
[SourceQuality "1"]

1. Nf3 Nf6 2. c4 e6 3. b3 b6 4. g3 Bb7 5. Bg2 Be7 6. 0-0 0-0 7. Nc3 c5 8. d4 cxd4 9. Qxd4 Nc6 10. Qf4 a6 11. Rd1 Rc8 12. e4 d6 13. Ba3 Ne8 14. e5 dxe5 15. Nxe5 Qc7 16. Bxe7 Qxe7 17. Rd7 Qb4 18. Nd3 Qxc3 19. Rc1 Qa5 20. Rxb7 Nf6 21. Qe3 b5 22. cxb5 Nb8 23. Rxc8 Rxc8 24. Qa7 Qd8 25. bxa6 Ne8 26. h4 Nd6 27. Rb4 1-0

[Event "Hong Kong Jolimark op"]
[Site "Hong Kong"]
[Date "2016.12.26"]
[Round "2"]
[White "Wang, Jiaqi"]
[Black "Deng, Jing Xin Crystal"]
[Result "1-0"]
[WhiteElo "2034"]
[BlackElo "1703"]
[PlyCount "89"]
[EventDate "2016.12.26"]
[EventType "swiss"]
[EventRounds "9"]
[EventCountry "HKG"]
[SourceTitle "CBM 176 Extra"]
[Source "ChessBase"]
[SourceDate "2017.03.02"]
[SourceVersion "1"]
[SourceVersionDate "2017.03.02"]
[SourceQuality "1"]

1. d4 d5 2. c4 e6 3. Nf3 Nf6 4. g3 Be7 5. Bg2 dxc4 6. 0-0 0-0 7. Qc2 a6 8. a4 Bd7 9. Nbd2 Bc6 10. Qxc4 Nbd7 11. Qc2 Rc8 12. e4 Nb6 13. Re1 Bb4 14. b3 a5 15. Bb2 Bd7 16. Bc3 c5 17. Bxb4 cxb4 18. Qb2 Bc6 19. Ne5 Nbd7 20. Nec4 Ra8 21. Rac1 Qb8 22. Red1 Rd8 23. Qb1 Nf8 24. Nf1 Ng6 25. d5 exd5 26. Nb6 Ra6 27. Nxd5 Bxd5 28. exd5 Rad6 29. Ne3 Ne7 30. Qd3 h6 31. Qb5 Qa7 32. Nc4 R6d7 33. d6 Nc8 34. Bh3 Nxd6 35. Qb6 Qb8 36. Bxd7 Nxc4 37. Rxc4 Rxd7 38. Rxd7 Nxd7 39. Qxa5 Ne5 40. Qc7 Qxc7 41. Rxc7 Nf3+ 42. Kg2 Nd4 43. Rxb7 Nxb3 44. Rxb4 Nc5 45. a5 1-0

[Event "Danzhou Hainan op 1st"]
[Site "Danzhou"]
[Date "2016.12.16"]
[Round "9"]
[White "Chu, Ruotong"]
[Black "Wang, Jiaqi"]
[Result "1-0"]
[WhiteElo "2106"]
[BlackElo "2034"]
[PlyCount "63"]
[EventDate "2016.12.07"]
[EventType "swiss"]
[EventRounds "9"]
[EventCountry "CHN"]
[SourceTitle "CBM 176 Extra"]
[Source "ChessBase"]
[SourceDate "2017.03.02"]
[SourceVersion "1"]
[SourceVersionDate "2017.03.02"]
[SourceQuality "1"]

1. d4 Nf6 2. c4 e6 3. g3 Bb4+ 4. Nd2 d5 5. Bg2 0-0 6. Ngf3 b6 7. 0-0 Bb7 8. Ne5 Nbd7 9. Qa4 Bd6 10. cxd5 exd5 11. Ndc4 Bxe5 12. Nxe5 Nxe5 13. dxe5 Nd7 14. f4 Nc5 15. Qc2 f6 16. b4 Ne6 17. Bb2 fxe5 18. Bxe5 Qe7 19. f5 Nc5 20. Bd4 Ne4 21. Qb2 c5 22. bxc5 bxc5 23. Bxe4 Qxe4 24. Rf4 Qe7 25. f6 gxf6 26. Bxf6 Qe3+ 27. Kg2 Rf7 28. Rg4+ Kf8 29. Bg7+ Ke8 30. Qb5+ Kd8 31. Rf1 d4+ 32. Qxb7 1-0

[Event "Danzhou Hainan op 1st"]
[Site "Danzhou"]
[Date "2016.12.09"]
[Round "3"]
[White "Wang, Jiaqi"]
[Black "Nie, Xinyang"]
[Result "0-1"]
[WhiteElo "2034"]
[BlackElo "2239"]
[PlyCount "54"]
[EventDate "2016.12.07"]
[EventType "swiss"]
[EventRounds "9"]
[EventCountry "CHN"]
[SourceTitle "CBM 176 Extra"]
[Source "ChessBase"]
[SourceDate "2017.03.02"]
[SourceVersion "1"]
[SourceVersionDate "2017.03.02"]
[SourceQuality "1"]

1. d4 d5 2. c4 e6 3. Nf3 Nf6 4. g3 Be7 5. Bg2 0-0 6. 0-0 b6 7. Qc2 Bb7 8. cxd5 exd5 9. Nc3 c5 10. Rd1 Nbd7 11. Bf4 c4 12. Ne5 Rc8 13. Bh3 a6 14. a4 Re8 15. Rab1 Bb4 16. Bg5 Nxe5 17. dxe5 Rxe5 18. Bxf6 gxf6 19. Bxc8 Qxc8 20. Rd4 Bc5 21. Rh4 h5 22. Rf1 d4 23. e3 dxc3 24. Qxc3 b5 25. Rd1 Kg7 26. axb5 axb5 27. Qc2 Bb6 0-1

[Event "Danzhou Hainan op 1st"]
[Site "Danzhou"]
[Date "2016.12.08"]
[Round "2"]
[White "Xu, Minghui"]
[Black "Wang, Jiaqi"]
[Result "1/2-1/2"]
[WhiteElo "2341"]
[BlackElo "2034"]
[PlyCount "84"]
[EventDate "2016.12.07"]
[EventType "swiss"]
[EventRounds "9"]
[EventCountry "CHN"]
[SourceTitle "CBM 176 Extra"]
[Source "ChessBase"]
[SourceDate "2017.03.02"]
[SourceVersion "1"]
[SourceVersionDate "2017.03.02"]
[SourceQuality "1"]

1. g3 Nf6 2. Bg2 e6 3. c4 d5 4. Nf3 dxc4 5. Qa4+ Nbd7 6. Qxc4 a6 7. Qb3 Be7 8. 0-0 0-0 9. Nc3 Rb8 10. d3 b6 11. Be3 Bb7 12. Rfc1 c5 13. a4 Bd6 14. Qc4 Qe7 15. Ng5 Ne5 16. Qh4 Bxg2 17. Kxg2 Qb7+ 18. Kg1 h6 19. Nge4 Be7 20. Nxf6+ Bxf6 21. Qe4 Nc6 22. Rab1 Rfd8 23. Kf1 Qd7 24. Qc4 Qb7 25. Ne4 Bd4 26. Bf4 Be5 27. Bxe5 Nxe5 28. Qc3 Qd5 29. f3 Nc6 30. Qc4 Qh5 31. Kg2 a5 32. b3 Nb4 33. Nd2 Rd4 34. Qb5 Rdd8 35. Nc4 Na2 36. Rc2 Nb4 37. Rd2 Nd5 38. Rbb2 Qg5 39. h4 Qf6 40. Qc6 Rbc8 41. Qb7 Rb8 42. Qc6 Rbc8 1/2-1/2

[Event "Shijiazhuang op 2nd"]
[Site "Shijiazhuang"]
[Date "2016.08.17"]
[Round "9"]
[White "Wang, Jiaqi"]
[Black "Zhao, Shengxin"]
[Result "1/2-1/2"]
[WhiteElo "2008"]
[BlackElo "1996"]
[PlyCount "37"]
[EventDate "2016.08.09"]
[EventType "swiss"]
[EventRounds "9"]
[EventCountry "CHN"]
[SourceTitle "CBM 173 Extra"]
[Source "ChessBase"]
[SourceDate "2016.08.29"]
[SourceVersion "1"]
[SourceVersionDate "2016.08.29"]
[SourceQuality "1"]

1. d4 d5 2. c4 c6 3. Nc3 Nf6 4. e3 e6 5. Nf3 Nbd7 6. Qc2 Bd6 7. b3 0-0 8. Be2 b6 9. 0-0 Bb7 10. Bb2 Qe7 11. Rad1 Rad8 12. Rfe1 Rfe8 13. e4 Nxe4 14. Nxe4 dxe4 15. Qxe4 Bb4 16. Rf1 Bd6 17. Rfe1 Bb4 18. Rf1 Bd6 19. Rfe1 1/2-1/2

[Event "Shenzhen zt 3.5"]
[Site "Shenzhen"]
[Date "2016.07.02"]
[Round "7"]
[White "Zuo, Yifan"]
[Black "Wang, Jiaqi"]
[Result "0-1"]
[WhiteElo "1823"]
[BlackElo "2018"]
[PlyCount "88"]
[EventDate "2016.06.26"]
[EventType "swiss"]
[EventRounds "11"]
[EventCountry "CHN"]
[SourceTitle "CBM 173 Extra"]
[Source "ChessBase"]
[SourceDate "2016.08.29"]
[SourceVersion "1"]
[SourceVersionDate "2016.08.29"]
[SourceQuality "1"]

1. d4 Nf6 2. Nf3 e6 3. c4 b6 4. g3 Ba6 5. Qa4 Bb7 6. Bg2 c5 7. dxc5 bxc5 8. Nc3 Be7 9. 0-0 0-0 10. Rd1 Qb6 11. Qc2 Nc6 12. e4 d6 13. b3 Rfd8 14. Bb2 Ne8 15. h4 h6 16. Rac1 Bf6 17. h5 Qa5 18. Qb1 Nb4 19. Rd2 Rab8 20. a3 Nc6 21. Rd3 Ba8 22. Nd2 Bd4 23. Ne2 e5 24. Nxd4 Nxd4 25. Bxd4 exd4 26. a4 Nf6 27. f4 Nxh5 28. Kf2 Nf6 29. Bf3 Re8 30. Re1 Qc7 31. Qd1 Re7 32. Re2 Rbe8 33. Qh1 Bc6 34. Qg2 Qb7 35. g4 Nxe4+ 36. Nxe4 Bxe4 37. Rxe4 Rxe4 38. Bxe4 Rxe4 39. Qf3 Qe7 40. a5 Qh4+ 41. Kg2 Re1 42. Qh3 Re2+ 43. Kg1 Qf2+ 44. Kh1 Re1+ 0-1

[Event "Hong Kong op"]
[Site "Hong Kong"]
[Date "2015.10.01"]
[Round "2"]
[White "Wang, Jiaqi"]
[Black "Gao, Rui"]
[Result "0-1"]
[WhiteElo "1942"]
[BlackElo "2537"]
[PlyCount "58"]
[EventDate "2015.10.01"]
[EventType "swiss"]
[EventRounds "9"]
[EventCountry "HKG"]
[SourceTitle "CBM 168 Extra"]
[Source "ChessBase"]
[SourceDate "2015.10.29"]
[SourceVersion "1"]
[SourceVersionDate "2015.10.29"]
[SourceQuality "1"]

1. d4 Nf6 2. c4 g6 3. Nc3 d5 4. Bf4 Bg7 5. e3 0-0 6. Nf3 c5 7. dxc5 Ne4 8. Be5 Bxe5 9. Nxe5 Nxc3 10. bxc3 Qa5 11. Qb3 Nc6 12. Nxc6 bxc6 13. cxd5 Rb8 14. Qc2 cxd5 15. Bd3 Qxc5 16. 0-0 Be6 17. Rab1 Rfc8 18. Rxb8 Rxb8 19. Qd2 Qa3 20. Rb1 Rc8 21. Rc1 a5 22. Rc2 Rb8 23. h3 a4 24. c4 Rb1+ 25. Kh2 Qd6+ 26. g3 dxc4 27. Be4 Qxd2 28. Rxd2 Rc1 29. Rb2 c3 0-1

[Event "Zhongfu op 1st"]
[Site "Shijiazhuang"]
[Date "2015.08.15"]
[Round "8"]
[White "Zhu, Yi"]
[Black "Wang, Jiaqi"]
[Result "1-0"]
[WhiteElo "2340"]
[BlackElo "1963"]
[PlyCount "63"]
[EventDate "2015.08.08"]
[EventType "swiss"]
[EventRounds "9"]
[EventCountry "CHN"]
[SourceTitle "CBM 167 Extra"]
[Source "ChessBase"]
[SourceDate "2015.09.14"]
[SourceVersion "1"]
[SourceVersionDate "2015.09.14"]
[SourceQuality "1"]

1. d4 Nf6 2. c4 e6 3. Nf3 Bb4+ 4. Nbd2 b6 5. e3 Bb7 6. Bd3 0-0 7. 0-0 c5 8. Nb3 cxd4 9. exd4 Be7 10. Bg5 d6 11. Re1 Nbd7 12. Qe2 Re8 13. Rac1 Rc8 14. Nbd2 Bf8 15. b3 Qc7 16. Bb1 g6 17. h3 Bg7 18. Bf4 Bf8 19. Bh2 Qd8 20. b4 e5 21. Qd1 exd4 22. Nxd4 Rxe1+ 23. Qxe1 d5 24. a3 Bh6 25. Ba2 Ne4 26. Nxe4 dxe4 27. Rd1 Qg5 28. Bg3 Nf6 29. Nb5 Ba8 30. Nd6 Rf8 31. c5 Nh5 32. Nxf7 1-0

[Event "Zhongshan zt 3.5"]
[Site "Zhongshan"]
[Date "2014.11.05"]
[Round "11"]
[White "Wang, Jiaqi"]
[Black "Luanchen, Yuantai"]
[Result "1-0"]
[WhiteElo "1844"]
[BlackElo "1510"]
[PlyCount "63"]
[EventDate "2014.10.26"]
[EventType "swiss"]
[EventRounds "11"]
[EventCountry "CHN"]
[SourceTitle "EXT 2015"]
[Source "ChessBase"]
[SourceDate "2014.11.20"]
[SourceVersion "1"]
[SourceVersionDate "2014.11.20"]
[SourceQuality "1"]

1. e4 c5 2. Nf3 d6 3. d4 cxd4 4. Nxd4 Nf6 5. Nc3 g6 6. Be3 Bg7 7. f3 Nc6 8. Qd2 0-0 9. Bc4 Bd7 10. 0-0-0 Rc8 11. Bb3 Ne5 12. Kb1 Nc4 13. Bxc4 Rxc4 14. h4 h5 15. Bg5 Nxe4 16. Nxe4 Rxd4 17. Qe2 Rxd1+ 18. Rxd1 Qb6 19. c3 Bb5 20. Qc2 Re8 21. g4 hxg4 22. fxg4 Bc6 23. Ka1 d5 24. Nd2 Bf6 25. Bxf6 exf6 26. h5 Kg7 27. Nf3 Re3 28. Nd4 Re4 29. Rg1 Qd8 30. hxg6 Kxg6 31. Nf5 Qb6 32. Qh2 1-0

[Event "Zhongshan zt 3.5"]
[Site "Zhongshan"]
[Date "2014.11.04"]
[Round "10"]
[White "Zhou, Xiangheng"]
[Black "Wang, Jiaqi"]
[Result "0-1"]
[WhiteElo "1682"]
[BlackElo "1844"]
[PlyCount "68"]
[EventDate "2014.10.26"]
[EventType "swiss"]
[EventRounds "11"]
[EventCountry "CHN"]
[SourceTitle "EXT 2015"]
[Source "ChessBase"]
[SourceDate "2014.11.20"]
[SourceVersion "1"]
[SourceVersionDate "2014.11.20"]
[SourceQuality "1"]

1. e4 c5 2. Nf3 d6 3. d4 cxd4 4. Nxd4 Nf6 5. Nc3 a6 6. Be2 e6 7. 0-0 Be7 8. f4 0-0 9. Be3 Nc6 10. Kh1 Qc7 11. a4 Re8 12. Qe1 Na5 13. Rd1 Nc4 14. Bc1 e5 15. Nf3 exf4 16. b3 Ne3 17. Bxe3 fxe3 18. Bc4 Ng4 19. Rd4 Be6 20. h3 Ne5 21. Nxe5 dxe5 22. Nd5 Qc6 23. Rd1 b5 24. axb5 axb5 25. Bd3 Bxd5 26. exd5 Qc5 27. Qg3 e4 28. Be2 Bd6 29. Qg5 Re5 30. Qf4 Re7 31. Qg5 h6 32. Qg4 Ra2 33. c4 bxc4 34. bxc4 Re5 0-1